000354652 001__ 354652
000354652 005__ 20241203222157.0
000354652 0247_ $$2doi$$a10.18429/JACOW-IPAC2024-THPR09
000354652 0247_ $$2datacite_doi$$a10.15120/GSI-2024-01132
000354652 037__ $$aGSI-2024-01132
000354652 041__ $$aEnglish
000354652 1001_ $$0P:(DE-HGF)0$$aHähnel, Hendrik$$b0$$eCorresponding author
000354652 1112_ $$a15th International Particle Accelerator Conference$$cNashville, Tennessee$$d2024-05-19 - 2024-05-24$$wUSA
000354652 245__ $$aHigh-power RF conditioning and 700 keV beam commissioning of the revised RFQ for the Frankfurt Neutron Source
000354652 260__ $$bJACoW Publishing$$c2024
000354652 300__ $$a3497-3500 pages
000354652 3367_ $$2ORCID$$aCONFERENCE_PAPER
000354652 3367_ $$033$$2EndNote$$aConference Paper
000354652 3367_ $$2BibTeX$$aINPROCEEDINGS
000354652 3367_ $$2DRIVER$$aconferenceObject
000354652 3367_ $$2DataCite$$aOutput Types/Conference Paper
000354652 3367_ $$0PUB:(DE-HGF)8$$2PUB:(DE-HGF)$$aContribution to a conference proceedings$$bcontrib$$mcontrib$$s1733214169_2544
000354652 500__ $$aPublished by JACoW Publishing under the terms of the Creative Commons Attribution 4.0 license.
000354652 536__ $$0G:(DE-HGF)POF4-621$$a621 - Accelerator Research and Development (POF4-621)$$cPOF4-621$$fPOF IV$$x0
000354652 588__ $$aDataset connected to DataCite
000354652 650_7 $$2Other$$aAccelerator Physics
000354652 650_7 $$2Other$$amc4-hadron-accelerators - MC4: Hadron Accelerators
000354652 650_7 $$2Other$$aMC4.A08 - MC4.A08 Linear Accelerators
000354652 693__ $$0EXP:(DE-Ds200)Experiment_without_proposal_number-20200803$$1EXP:(DE-Ds200)Facility_outside_beam_time_program-20200803$$5EXP:(DE-Ds200)Experiment_without_proposal_number-20200803$$aFacility_outside_beam_time_program$$eExperiment at GSI without experiment proposal number ( - ; Facility_outside_beam_time_program )$$x0
000354652 7001_ $$aAtes, Adem$$b1
000354652 7001_ $$aDedic, Benjamin$$b2
000354652 7001_ $$aWagner, Christopher$$b3
000354652 7001_ $$0P:(DE-Ds200)OR5809$$aZhang, Chuan$$b4$$ugsi
000354652 7001_ $$aPodlech, Holger$$b5
000354652 7001_ $$aKümpel, Klaus$$b6
000354652 7001_ $$aRatzinger, Ulrich$$b7
000354652 7001_ $$aPilat, Fulvia$$b8$$eEditor
000354652 7001_ $$aFischer, Wolfram$$b9$$eEditor
000354652 7001_ $$aSaethre, Robert$$b10$$eEditor
000354652 7001_ $$aAnisimov, Petr$$b11$$eEditor
000354652 7001_ $$aAndrian, Ivan$$b12$$eEditor
000354652 773__ $$a10.18429/JACOW-IPAC2024-THPR09
000354652 8564_ $$uhttps://repository.gsi.de/record/354652/files/THPR09.pdf$$yOpenAccess
000354652 8564_ $$uhttps://repository.gsi.de/record/354652/files/THPR09.pdf?subformat=pdfa$$xpdfa$$yOpenAccess
000354652 909CO $$ooai:repository.gsi.de:354652$$pdriver$$pVDB$$popen_access$$popenaire$$pdnbdelivery
000354652 9101_ $$0I:(DE-Ds200)20121206GSI$$6P:(DE-Ds200)OR5809$$aGSI Helmholtzzentrum für Schwerionenforschung GmbH$$b4$$kGSI
000354652 9131_ $$0G:(DE-HGF)POF4-621$$1G:(DE-HGF)POF4-620$$2G:(DE-HGF)POF4-600$$3G:(DE-HGF)POF4$$4G:(DE-HGF)POF$$aDE-HGF$$bForschungsbereich Materie$$lMaterie und Technologie$$vAccelerator Research and Development$$x0
000354652 9141_ $$y2024
000354652 915__ $$0StatID:(DE-HGF)0510$$2StatID$$aOpenAccess
000354652 915__ $$0LIC:(DE-HGF)CCBY4$$2HGFVOC$$aCreative Commons Attribution CC BY 4.0
000354652 920__ $$lyes
000354652 9201_ $$0I:(DE-Ds200)BCO-20121002OR238$$kBCO$$lStrahlkühlung$$x0
000354652 980__ $$acontrib
000354652 980__ $$aVDB
000354652 980__ $$aUNRESTRICTED
000354652 980__ $$aI:(DE-Ds200)BCO-20121002OR238
000354652 9801_ $$aFullTexts